| 000 | 00598nam a2200217 a 4500 | ||
|---|---|---|---|
| 005 | 20221118063922.0 | ||
| 008 | 010925s2000 r 000 0 eng d | ||
| 020 | _a8495114127 | ||
| 035 | _aUPN01000111995 | ||
| 049 | _aCG | ||
| 050 | 4 |
_aGV861 _bG3.2 |
|
| 100 | 1 | _aGarcía Eiroá, Jesús | |
| 245 | 1 | 0 |
_aDeportes de equipo / _cJesús Ga. Eiróa. |
| 260 |
_aBarcelona, Esp. : _bINDE, _c2000. |
||
| 300 |
_a102 p. : _bil. |
||
| 440 | 0 | _aBiblioteca temática del deporte | |
| 650 | 4 |
_aJUEGOS DE PELOTA _910949 |
|
| 650 | 4 |
_aJUEGOS EN GRUPOS _96711 |
|
| 650 | 2 |
_aDeportes _912162 |
|
| 905 | _aLibro | ||
| 999 |
_c85903 _d85903 |
||